000 01036cam a2200217 4500
001 WB3831-09
008 020828n2002 000 0 eng u
035 _a(Sirsi) u119445
245 _aTough new rules to open buildings
260 _c2002
490 _aODPM News Release
_v(060) 27 August 2002, (4)
520 _aThe ODPM has launched a consultation outlining new rules to ensure that disabled people can access newly built public and commercial buildings. The proposals will also affect existing buildings when they are altered and relate to Part M of the Building Regulations (Access and Facilities for Disabled People). Consultation deadline is 29 November 2002. Consultation package available at http://www.safety.odpm.gov.uk/bregs/consult/access/index.htm
590 _aWB
650 _aBUILDING REGULATIONS
_96224
650 _aDISABLED PEOPLE
650 _aACCESS TO BUILDINGS
650 _aPART M
650 _aDISABILITY DISCRIMINATION ACT 1995
690 _aBUILT ENVIRONMENT-BUILDING STANDARDS
942 _n0
999 _c71017
_d71017